<La> crise monétaire européenne: quels enseignements?

Prečo padol Európsky menový systém (EMS). Vplyv SRN, Talianska, V. Británie a Francúzska naň. Zadlženie hlavných krajín. Ekonomické efekty zmien parity. Makroekonomické zmeny kurzov medzi májom a koncom septembra 1992 v okruhu EMS. Budúcnosť EMS a prechod na menovú úniu. (La Lettre du CEPEII 1992, č...

Descrizione completa

Salvato in:
Dettagli Bibliografici
Autore principale: Aglietta, M.
Altri autori: Delessy, H., Pisany-Ferry, J.
Natura: Capitolo di libro
Lingua:francese
Soggetti:
Tags: Aggiungi Tag
Nessun Tag, puoi essere il primo ad aggiungerne!!

MARC

LEADER 00000naa a2200000 4500
001 r011677
005 20220913124921.1
041 0 |a fre 
044 |a FR 
245 1 0 |a <La> crise monétaire européenne: quels enseignements?  |c M. Aglietta, H. Delessy, J. Pisany-Ferry 
520 |a Prečo padol Európsky menový systém (EMS). Vplyv SRN, Talianska, V. Británie a Francúzska naň. Zadlženie hlavných krajín. Ekonomické efekty zmien parity. Makroekonomické zmeny kurzov medzi májom a koncom septembra 1992 v okruhu EMS. Budúcnosť EMS a prechod na menovú úniu. (La Lettre du CEPEII 1992, č.106.). 
610 2 0 |a systém menový medzinárodný 
610 2 0 |a západná Európa 
610 2 0 |a kríza menová 
610 2 0 |a kurz menový 
610 2 0 |a parita menová 
610 2 0 |a 1992 
610 2 0 |a únie menové 
610 2 0 |a údaje štatistické 
610 2 0 |a Európsky menový systém 
610 2 0 |a Európske spoločenstvá 
100 1 |a Aglietta, M. 
700 1 |a Delessy, H. 
700 1 |a Pisany-Ferry, J.